000 00280nam a2200121Ia 4500
008 190216s9999||||xx |||||||||||||| ||und||
100 _aDas Gupta P
245 0 _aStudies In Cost Accounting
260 _bPremier Book Co
_c1978
300 _a853p
650 _aCommerce
942 _cBK
999 _c5103
_d5103